000 00544ntaaa2200205 4500
003 01
005 20251027201840.0
008 0714s1973 ag 01
040 _aAR-BaBN
_bspa
_cAR-BaBN
_eaacr
_dRIC
082 _a244.1000 H67
100 _aHoffman, F
_916987
245 _aLa biblia del joven
250 _a1 ed.
260 _aBilbao :
_bEditorial Verbo Divino,
_c1968
300 _a279 p
500 _aHistorias bíblicas para niños
650 _ahistorias bíblicas-niños
_914732
700 _aFuenterrabía, F.de
_916988
942 _cBK
999 _c13179
_d13179